000 00286nam a2200121Ia 4500
008 190216s9999||||xx |||||||||||||| ||und||
100 _aDiane Koers
245 0 _aWindows 98
250 _afirst
260 _bGalgotia Publication Pvt Ltf
_c1998
650 _aComputer Science
942 _cBK
999 _c8609
_d8609